000 00375pam a2200157 a 4500
020 _c
041 _h
082 _a641.5
100 _aCHAKRAVARTHI B.K.
_eAuthor
245 _aCATERING COLLEGE DELIGHTS
_cCHAKRAVARTHI B.K.
_hTextual Documents
260 _aNew Delhi
_bC.B.S Daryag
300 _a130
653 _afood Producation
700 _eCo-Author
930 _a642
999 _c243263
_d243263